Cd̤igo orgǹico integral penal Hacia su mejor comprensin̤ y aplicacin̤ /

Detalles Bibliográficos
Autor principal: ℓvila Santamara̕, Ramiro
Formato: eBook
Lenguaje:español
Publicado: Quito: Corporacin̤ Editora Nacional, 2015
Materias:
Acceso en línea:Acceso restringido

MARC

LEADER 00000nam a22000007a 4500
005 20170925220423.0
007 cr|||| ||||
008 170925s2015 ec |||||s|||| 00||0 spa d
020 |a 978-9978-84-886-9 
035 |a 20609 
040 |a vLex 
090 |c 6997  |d 6997 
100 1 |a ℓvila Santamara̕, Ramiro 
245 1 0 |a Cd̤igo orgǹico integral penal  |h [Recurso electrn̤ico] :  |b Hacia su mejor comprensin̤ y aplicacin̤ /  |c Ramiro ℓvila Santamara̕ 
256 |a Servicio en ln̕ea 
260 |a Quito:  |b Corporacin̤ Editora Nacional,  |c 2015 
300 |a 1 recurso electrn̤ico 
506 1 |a Disponible solo en los productos indicados  |d vLex Global  |d vLex Global (Academic Edition, excluding Law Schools)  |d vLex Global (U.S. Academic Edition, Law Schools)  |d vLex Global (U.S. Academic Edition, excluding Law Schools)  |d vLex Global (Academic Edition, Law Schools) 
650 0 4 |a Derecho Penal  |z Ecuador 
740 0 |a vLex Libros (Servicio en ln̕ea) 
856 4 0 |u http://vlex.com/source/codigo-organico-integral-penal-hacia-su-mejor-comprension-y-aplicacion-20609  |z Acceso restringido 
942 |c BOOK 
999 0 |a Criminal law